000
00274nam a22001217a 4500
008
150813t xxu||||| |||| 00| 0 eng d
020
_a
81-7754-382-2
082
_a
631
100
_a
Tanuja Singh
_9
1022
245
_a
Biofertilizer Technology
300
_a
389
942
_2
ddc
_c
BK
999
_c
17292
_d
17292